000 00231nam a22000857a 4500
008 170606b xxu||||| |||| 00| 0 eng d
100 _93294
_aSengupta. A
245 _aLalu and the Red Kite
260 _aNew Delhi
_bNational Book Trust
_c2004
999 _c6611
_d6611